Medzinárodný menový fond a Slovenská republika
Formovanie medzinárodného menového systému od konania Medzinárodnej finančnej konferencie 22.7.1944 v Bretton-Woods. Centralizované ovplyvňovanie medzinárodnej menovej politiky prostredníctvom nadštátnej organizácie - Medzinárodného menového fondu (IMF). Vplyv IMF (SR je členom od r. 1993) na devízo...
Salvato in:
| Autore principale: | |
|---|---|
| Natura: | Capitolo di libro |
| Lingua: | slovacco |
| Soggetti: | |
| Tags: |
Nessun Tag, puoi essere il primo ad aggiungerne!!
|
MARC
| LEADER | 00000naa a2200000 4500 | ||
|---|---|---|---|
| 001 | r019650 | ||
| 005 | 20221205114649.0 | ||
| 041 | 0 | |a slo | |
| 044 | |a SK | ||
| 245 | 1 | 0 | |a Medzinárodný menový fond a Slovenská republika |c Anežka Jankovská |
| 520 | |a Formovanie medzinárodného menového systému od konania Medzinárodnej finančnej konferencie 22.7.1944 v Bretton-Woods. Centralizované ovplyvňovanie medzinárodnej menovej politiky prostredníctvom nadštátnej organizácie - Medzinárodného menového fondu (IMF). Vplyv IMF (SR je členom od r. 1993) na devízovú politiku SR. | ||
| 610 | 2 | 0 | |a Medzinárodný menový fond |
| 610 | 2 | 0 | |a systém menový medzinárodný |
| 610 | 2 | 0 | |a dohody Bretton-Woodske |
| 610 | 2 | 0 | |a 1944 |
| 610 | 2 | 0 | |a Bretton Woods |
| 610 | 2 | 0 | |a politika menová |
| 610 | 2 | 0 | |a kurz devízový |
| 610 | 2 | 0 | |a Slovensko |
| 610 | 2 | 0 | |a politika devízová |
| 610 | 2 | 0 | |a vzťahy peňažné medzinárodné |
| 100 | 1 | |a Jankovská, Anežka | |